• 首页
  • 本馆介绍
  • 公告通知
  • 最新文献
  • 馆藏检索
  • 电子资源
  • 读者导购
  • 参考咨询
  • 我的图书馆
  • 登录
  • 详细信息显示
  • 放入我的书架
  • 预约/预借图书
  • 作者相关作品
  • 分类相关作品
  • 丛书相关作品
  • 出版社相关作品

书目信息

  • 表格格式
  • 工作单格式
  • 卡片格式
题名:
南宋科举制度史
    
 
作者: 何忠礼 著
分册:  
出版信息: 北京   人民出版社  2009.11
页数: 40,370页
开本: 24cm
丛书名: 南宋史研究丛书
单 册:
中图分类: D691.3
科图分类:
主题词: 科举制度--研究--中国--南宋 , 科举制度
电子资源:
ISBN: 978-7-01-008123-6
000 00971oam2 2200277 450
001 010700083412
005 20120618152137.67
010    @a978-7-01-008123-6@dCNY65.00
100    @a20091208d2009 em y0chiy0110 ea
101 0  @achi
102    @aCN@b110000
105    @ay z 000yy
106    @ar
200 1  @a南宋科举制度史@9nan song ke ju zhi du shi@f何忠礼著
210    @a北京@c人民出版社@d2009.11
215    @a40,370页@d24cm
225 2  @a南宋史研究丛书@i南宋专题史
300    @a国家“十一五”重点图书出版规划项目 杭州市社会科学院重大课题
330    @a本书共分十章,内容涵盖唐代和北宋的科举;南宋的发解试;南宋的省试;南宋的殿试;宗室子弟和归正人科举;经义标准的变化和对后世八股文形成的影响等。
462  0 @12001 @a南宋专题史@1701 0@a王国平@4主编
606 0  @a科举制度@x研究@y中国@z南宋
606 0  @a科举制度
690    @aD691.3@v4
701  0 @a何忠礼@9he zhong li@f(1938~)@4著
801  0 @aCN@bRENTIAN@c20091208
905    @b540461-65@dD691.3@e174@f5
    
    南宋科举制度史/何忠礼著.-北京:人民出版社,2009.11
    40,370页;24cm.-(南宋史研究丛书.南宋专题史)
    国家“十一五”重点图书出版规划项目 杭州市社会科学院重大课题
    
    ISBN 978-7-01-008123-6:CNY65.00
    本书共分十章,内容涵盖唐代和北宋的科举;南宋的发解试;南宋的省试;南宋的殿试;宗室子弟和归正人科举;经义标准的变化和对后世八股文形成的影响等。
●
相关链接 在E读中查询图书 在五车中查询图书 在当当中查询图书 在豆瓣中查询图书


正题名:南宋科举制度史     索取号:D691.3/174         预约/预借

序号 登录号 条形码 馆藏地/架位号 状态 备注
1 540461   205404613   第一样本阅览室/ [索取号:D691.3/174] 在馆    
2 540462   205404622   第一借阅区/ [索取号:D691.3/174] 在馆    
3 540463   205404631   第一借阅区/ [索取号:D691.3/174] 在馆    
4 540464   205404640   第一借阅区/ [索取号:D691.3/174] 在馆    
5 540465   205404659   第一借阅区/ [索取号:D691.3/174] 在馆    
唐山师范学院图书馆 欢迎您!
大连网信软件有限公司© 版权所有